Statystyki dla Żużel: Zawodnicy ekstraligi z średnią powyżej 2,500

Kliknij tutaj aby rozwiązać quiz!

Ogólne statystyki

  • Ten quiz został rozwiązany 835 razy
    (820 od ostatniego zresetowania)
  • Średni wynik to 7 z 14

Statystyki odpowiedzi

Odpowiedź% Poprawnych
Bartosz Zmarzlik
98%
Tomasz Gollob
74%
Nicki Pedersen
72%
Janusz Kołodziej
67%
Maciej Janowski
67%
Jarosław Hampel
58%
Jason Crump
45%
Greg Hancock
44%
Tony Rickardsson
41%
Leigh Adams
27%
Ryan Sullivan
22%
Andreas Jonsson
20%
Emil Sayfutdinov
16%
Niels Kristian Iversen
15%

Rozkład punktacji

Percentyl według liczby udzielonych odpowiedzi

Procent ludzi z każdym wynikiem

Twoja historia wyników

Nie rozwiązałeś tego quizu od ostatniego zresetowania